| Tag |
First Indicator |
Second Indicator |
Subfields |
| LEADER |
00000cam a2200000 a 4500 |
| 001 |
in00002405310 |
| 005 |
20211129160025.0 |
| 006 |
m d f |
| 007 |
cr mn||||||||| |
| 008 |
080519s2008 dcu sb f000 0 eng c |
| 035 |
|
|
|a (OCoLC)ocn228302338
|
| 037 |
|
|
|b GAO (202)512-6000 (voice); (202)512-6061 (Fax); (202)512-2537 (TDD)
|f paper copy
|
| 040 |
|
|
|a GPO
|c GPO
|d MvI
|d UtOrBLW
|
| 042 |
|
|
|a pcc
|
| 043 |
|
|
|a n-us---
|
| 049 |
|
|
|a WWW
|
| 074 |
|
|
|a 0546-D-01 (online)
|
| 086 |
0 |
|
|a GA 1.5/2:GAO-08-647 T
|
| 100 |
1 |
|
|a Kanof, Marjorie E.
|
| 245 |
1 |
0 |
|a VA health care :
|b recruitment and retention challenges and efforts to make salaries competitive for nurse anesthetists : testimony before the Committee on Veterans' Affairs, U.S. Senate /
|c statement of Marjorie Kanof.
|
| 246 |
3 |
|
|a Department of Veterans Affairs health care :
|b recruitment and retention challenges and efforts to make salaries competitive for nurse anesthetists
|
| 246 |
3 |
0 |
|a Recruitment and retention challenges and efforts to make salaries competitive for nurse anesthetists
|
| 264 |
|
1 |
|a [Washington, D.C.] :
|b U.S. Govt. Accountability Office,
|c [2008]
|
| 300 |
|
|
|a 12 pages :
|b digital, PDF file.
|
| 336 |
|
|
|a text
|b txt
|2 rdacontent
|
| 337 |
|
|
|a computer
|b c
|2 rdamedia
|
| 338 |
|
|
|a online resource
|b cr
|2 rdacarrier
|
| 490 |
1 |
|
|a Testimony ;
|v GAO-08-647 T
|
| 538 |
|
|
|a Mode of access: Internet from GAO web site. Address as of 5/7/08: http://www.gao.gov/new.items/d08647t.pdf ; current access available via PURL.
|
| 500 |
|
|
|a Title from title screen (viewed on May 7, 2008).
|
| 500 |
|
|
|a "For release ... April 9, 2008."
|
| 500 |
|
|
|a Paper version available from: U.S. Govt. Accountability Office, 441 G St., NW, Rm. LM, Washington, D.C. 20548.
|
| 504 |
|
|
|a Includes bibliographical references.
|
| 500 |
|
|
|a Electronic resource.
|
| 610 |
1 |
0 |
|a United States.
|b Department of Veterans Affairs
|x Personnel management.
|
| 650 |
|
0 |
|a Nurse anesthetists
|x Supply and demand
|z United States.
|
| 710 |
1 |
|
|a United States.
|b Congress.
|b Senate.
|b Committee on Veterans' Affairs.
|
| 710 |
1 |
|
|a United States.
|b Government Accountability Office.
|
| 830 |
|
0 |
|a Testimony ;
|v GAO-08-647 T.
|
| 856 |
4 |
0 |
|u https://purl.fdlp.gov/GPO/LPS92991
|t 0
|
| 999 |
|
|
|a MARS
|
| 999 |
f |
f |
|s 2dca664e-396d-3b9d-ab21-c519d878f12e
|i a1d50278-2cbf-3f24-bee5-696f6e79a3c0
|t 0
|
| 952 |
f |
f |
|a Texas A&M University
|b College Station
|c Electronic Resources
|d Available Online
|t 0
|e GA 1.5/2:GAO-08-647 T
|h Superintendent of Documents classification
|
| 998 |
f |
f |
|a GA 1.5/2:GAO-08-647 T
|t 0
|l Available Online
|